[Event "Catalunya-chT Gp2"]
[Site "Barcelona"]
[Date "2024.02.17"]
[Round "5.10"]
[White "Chigaeva, Anastasia"]
[Black "Bosque Ortega, Xavier"]
[Result "0-1"]
[WhiteElo "2106"]
[BlackElo "2187"]
[PlyCount "164"]
[EventDate "2024.01.20"]
[EventType "team-tourn"]
[EventRounds "7"]
[EventCountry "ESP"]
[SourceTitle "CB11_2024"]
[SourceDate "2024.03.13"]
[SourceVersion "1"]
[SourceVersionDate "2024.03.13"]
[SourceQuality "1"]
[WhiteTeam "Platja D'Aro"]
[BlackTeam "Barbera"]
[WhiteTeamCountry "ESP"]
[BlackTeamCountry "ESP"]

1. d4 d5 2. c4 c6 3. cxd5 cxd5 4. Bf4 Nc6 5. e3 Nf6 6. Nc3 e6 7. Nf3 Be7 8. Be2 0-0 9. 0-0 Nh5 10. Be5 f6 11. Bg3 Nxg3 12. hxg3 f5 13. Rc1 Bd7 14. a3 g5 15. b4 g4 16. Ne5 Bd6 17. Nxc6 Bxc6 18. Bxg4 fxg4 19. Qxg4+ Kh8 20. Qxe6 Rf6 21. Qh3 Qe8 22. g4 Rg6 23. f4 a6 24. g5 Qg8 25. Rf3 Re8 26. Kf2 Qg7 27. Rh1 Rge6 28. f5 Re4 29. f6 Qg6 30. f7 Rf8 31. Nxe4 Qxe4 32. Re1 Qg6 33. Qf5 Kg7 34. Rh1 Qxf5 35. Rxf5 Be7 36. Ke2 Kg6 37. Rf2 Bxg5 38. Kd2 Bf6 39. Rhf1 Rxf7 40. Rf4 Bd7 41. R1f3 h5 42. Rf1 Bb5 43. R1f3 Bd7 44. Rf1 Bg4 45. R1f2 Be6 46. Rf1 Bd8 47. Rxf7 Bxf7 48. Kd3 Kg7 49. Rc1 Bg6+ 50. Ke2 Bf5 51. Kf3 Be4+ 52. Kg3 Kf7 53. Rc8 Ke7 54. Kf2 Kd7 55. Rc1 Bh4+ 56. g3 Be7 57. Rc3 Bd6 58. Rc1 Bf5 59. Rc3 Ke7 60. Rc1 Kf6 61. Rc3 Kg5 62. e4 dxe4 63. Re3 Kf6 64. Rc3 Bd7 65. Rc1 Bc6 66. Rf1 Ke6 67. Rg1 Kd5 68. Ke3 Bd7 69. Rg2 Bf8 70. Rc2 Bh6+ 71. Ke2 Kxd4 72. Rc7 Bb5+ 73. Ke1 Ke3 74. Rh7 Bg5 75. Rxh5 Bf6 76. Rc5 Bd4 77. Rc7 Be5 78. Rc5 Bxg3+ 79. Kd1 Kd4 80. Rc8 e3 81. Rd8+ Kc3 82. Rc8+ Kb3 0-1

[Event "Catalunya-chT Gp2"]
[Site "Barcelona"]
[Date "2015.02.28"]
[Round "6.2"]
[White "Bautista Sanchez, Joan"]
[Black "Bosque Ortega, Xavier"]
[Result "1/2-1/2"]
[WhiteElo "2182"]
[BlackElo "2218"]
[PlyCount "100"]
[EventDate "2015.01.24"]
[EventType "team-tourn"]
[EventRounds "7"]
[EventCountry "ESP"]
[SourceTitle "EXT 2016"]
[Source "ChessBase"]
[SourceDate "2015.10.08"]
[SourceVersion "1"]
[SourceVersionDate "2015.10.08"]
[SourceQuality "1"]
[WhiteTeam "Sant Andreu"]
[BlackTeam "Barbera"]
[WhiteTeamCountry "ESP"]
[BlackTeamCountry "ESP"]

1. Nf3 d5 2. c4 c6 3. e3 Nf6 4. b3 Bf5 5. Bb2 e6 6. Be2 Nbd7 7. 0-0 Bd6 8. d4 Ne4 9. Nc3 Qf6 10. cxd5 exd5 11. Nxe4 Bxe4 12. Bd3 Qh6 13. h3 Nf6 14. Ne5 0-0 15. a4 Rfe8 16. Re1 Rad8 17. Qe2 Bxe5 18. dxe5 Bxd3 19. Qxd3 Nd7 20. f4 f6 21. exf6 Nxf6 22. Bxf6 Qxf6 23. Qd4 a6 24. Qxf6 gxf6 25. Kf2 Re4 26. Rad1 Rb4 27. Rd3 Re8 28. Rc1 Kf7 29. Kf3 h5 30. g4 hxg4+ 31. hxg4 Rh8 32. Kg3 Re4 33. Re1 Rh7 34. Re2 Kg6 35. Rh2 Rxh2 36. Kxh2 d4 37. Rxd4 Rxe3 38. b4 Rb3 39. a5 f5 40. g5 Kh5 41. Kg2 Kg6 42. Kf2 c5 43. bxc5 Rb5 44. Rd6+ Kh5 45. Rh6+ Kg4 46. g6 Kxf4 47. Rh4+ Ke5 48. g7 Rb2+ 49. Kf3 Rb3+ 50. Kf2 Rb2+ 1/2-1/2

[Event "Catalunya-chT Gp2"]
[Site "Barcelona"]
[Date "2015.01.24"]
[Round "1.1"]
[White "Bosque Ortega, Xavier"]
[Black "Almirall Botella, Jaume"]
[Result "0-1"]
[WhiteElo "2218"]
[BlackElo "2055"]
[PlyCount "62"]
[EventDate "2015.01.24"]
[EventType "team-tourn"]
[EventRounds "7"]
[EventCountry "ESP"]
[SourceTitle "CBM 164 Extra"]
[Source "ChessBase"]
[SourceDate "2015.03.02"]
[SourceVersion "1"]
[SourceVersionDate "2015.03.02"]
[SourceQuality "1"]
[WhiteTeam "Barbera"]
[BlackTeam "Sitges"]
[WhiteTeamCountry "ESP"]
[BlackTeamCountry "ESP"]

1. d4 d5 2. Bf4 e6 3. e3 c6 4. Nd2 f5 5. Ngf3 Nf6 6. Ne5 Be7 7. Bd3 0-0 8. 0-0 Nbd7 9. c4 Nxe5 10. Bxe5 Bd7 11. c5 Be8 12. h3 Kh8 13. b4 Nd7 14. Bh2 g5 15. Nf3 Bh5 16. g4 Bg6 17. Ne5 Nxe5 18. Bxe5+ Bf6 19. f4 gxf4 20. exf4 Bxe5 21. dxe5 Qh4 22. g5 Qg3+ 23. Kh1 Qxh3+ 24. Kg1 h6 25. Rf2 Qg3+ 26. Rg2 Qxf4 27. gxh6 Rg8 28. Qd2 Qd4+ 29. Kh2 Qxe5+ 30. Kh3 Qxa1 31. Qf4 Bh7 0-1

[Event "Benidorm op U2300 13th"]
[Site "Benidorm"]
[Date "2014.12.02"]
[Round "5"]
[White "Bosque Ortega, Xavier"]
[Black "Arias Igual, Alejandro"]
[Result "1/2-1/2"]
[WhiteElo "2214"]
[BlackElo "2297"]
[PlyCount "45"]
[EventDate "2014.11.28"]
[EventType "swiss"]
[EventRounds "10"]
[EventCountry "ESP"]
[SourceTitle "CBM 163 Extra"]
[Source "ChessBase"]
[SourceDate "2014.12.23"]
[SourceVersion "1"]
[SourceVersionDate "2014.12.23"]
[SourceQuality "1"]

1. d4 d5 2. Bf4 Nf6 3. e3 e6 4. Nf3 c5 5. c3 Nc6 6. Nbd2 Bd6 7. Bg3 0-0 8. Bd3 Qe7 9. Ne5 Bxe5 10. dxe5 Nd7 11. f4 f6 12. Nf3 fxe5 13. fxe5 g5 14. h3 Qg7 15. 0-0 Ndxe5 16. Nxe5 Rxf1+ 17. Qxf1 Nxe5 18. Bxh7+ Kh8 19. Bxe5 Qxe5 20. Qf7 Qg7 21. Qh5 Qh6 22. Qf7 Qg7 23. Qh5 1/2-1/2

[Event "Benidorm op U2300 12th"]
[Site "Benidorm"]
[Date "2013.12.01"]
[Round "3"]
[White "Bosque Ortega, Xavier"]
[Black "Valmana Canto, Jaime"]
[Result "0-1"]
[WhiteElo "2197"]
[BlackElo "2298"]
[PlyCount "58"]
[EventDate "2013.11.29"]
[EventType "swiss"]
[EventRounds "10"]
[EventCountry "ESP"]
[SourceTitle "CBM 157 Extra"]
[Source "ChessBase"]
[SourceDate "2013.12.19"]
[SourceVersion "1"]
[SourceVersionDate "2013.12.19"]
[SourceQuality "1"]

1. d4 d6 2. Bf4 Nf6 3. e3 Nbd7 4. Nf3 Nh5 5. Bg5 h6 6. Bh4 g5 7. Nfd2 Ng7 8. Bg3 Nf5 9. Qf3 Nf6 10. Bd3 Nxg3 11. Qxg3 c5 12. dxc5 dxc5 13. Nc3 Bg7 14. Bb5+ Nd7 15. h4 Qa5 16. Nd5 Kf8 17. Qc7 Qxc7 18. Nxc7 Rb8 19. 0-0-0 e6 20. Ne4 Ke7 21. hxg5 hxg5 22. Rxh8 Bxh8 23. Nd6 Nb6 24. Nc4 Nxc4 25. Bxc4 a6 26. c3 Be5 27. Nd5+ exd5 28. Rxd5 f6 29. Rxc5 b6 0-1

[Event "Benidorm op U2300 12th"]
[Site "Benidorm"]
[Date "2013.12.01"]
[Round "4"]
[White "Iturbide Arnedo, Oscar"]
[Black "Bosque Ortega, Xavier"]
[Result "0-1"]
[WhiteElo "2102"]
[BlackElo "2197"]
[PlyCount "80"]
[EventDate "2013.11.29"]
[EventType "swiss"]
[EventRounds "10"]
[EventCountry "ESP"]
[SourceTitle "CBM 157 Extra"]
[Source "ChessBase"]
[SourceDate "2013.12.19"]
[SourceVersion "1"]
[SourceVersionDate "2013.12.19"]
[SourceQuality "1"]

1. e4 c6 2. d4 g6 3. Nc3 d5 4. e5 Bg7 5. f4 h5 6. Nf3 Bg4 7. Be3 Nh6 8. h3 Bxf3 9. Qxf3 e6 10. Bf2 h4 11. Bd3 Nd7 12. 0-0 Nf5 13. Ne2 Bf8 14. b3 Be7 15. c4 Nb6 16. c5 Nd7 17. b4 Kf8 18. a4 Kg7 19. Rfc1 Qc7 20. b5 Rac8 21. bxc6 bxc6 22. Rcb1 Rb8 23. Be1 Rxb1 24. Rxb1 Rb8 25. Bxf5 exf5 26. Rb4 Rxb4 27. Bxb4 Qb7 28. Qc3 Nf8 29. Kh2 Ne6 30. Qd2 Qa6 31. Qc2 Kh7 32. Be1 Qb7 33. g4 hxg3+ 34. Kxg3 Bf8 35. Kf3 Bh6 36. h4 Bxf4 37. h5 Bh6 38. hxg6+ fxg6 39. Bc3 Qe7 40. Qd1 Qh4 0-1

[Event "Catalunya-chT Honor"]
[Site "Catalunya"]
[Date "2013.02.02"]
[Round "3.8"]
[White "Bosque Ortega, Xavier"]
[Black "Camacho Collados, Jose"]
[Result "0-1"]
[WhiteElo "2247"]
[BlackElo "2330"]
[PlyCount "84"]
[EventDate "2013.01.19"]
[EventType "team-tourn"]
[EventRounds "11"]
[EventCountry "ESP"]
[SourceTitle "CBM 152 Extra"]
[Source "ChessBase"]
[SourceDate "2013.02.25"]
[SourceVersion "1"]
[SourceVersionDate "2013.02.25"]
[SourceQuality "1"]
[WhiteTeam "Barbera"]
[BlackTeam "Montcada"]
[WhiteTeamCountry "ESP"]
[BlackTeamCountry "ESP"]

1. d4 Nf6 2. Nf3 g6 3. Bf4 Bg7 4. e3 0-0 5. h3 c5 6. c3 d6 7. Be2 Nc6 8. 0-0 Nd5 9. Bh2 e5 10. dxe5 dxe5 11. Nbd2 Qe7 12. Qb3 Rd8 13. Rfd1 e4 14. Ne1 Be6 15. Qa4 f5 16. Nc4 a6 17. Rxd5 Rxd5 18. Nb6 Rd2 19. Nxa8 Rxe2 20. Rb1 Qd8 21. Nc7 Qd2 22. Qd1 Bxa2 23. Ra1 Qxd1 24. Rxd1 Bb3 25. Rb1 Ba2 26. Rd1 Rxb2 27. Bd6 b6 28. Nxa6 Bxc3 29. g4 Rd2 30. Rxd2 Bxd2 31. Ng2 c4 32. gxf5 gxf5 33. Nh4 Kf7 34. Nxf5 Ke6 35. Ng3 Kxd6 36. Nxe4+ Kd7 37. Nxd2 c3 38. Ne4 c2 39. Nac5+ bxc5 40. Nxc5+ Kd6 41. Nd3 Bc4 42. Nc1 Nb4 0-1

[Event "Catalunya-chT"]
[Site "Catalunya"]
[Date "2012.02.18"]
[Round "4.8"]
[White "Dickl, Errol"]
[Black "Bosque Ortega, Xavier"]
[Result "0-1"]
[WhiteElo "2193"]
[BlackElo "2246"]
[PlyCount "106"]
[EventDate "2012.01.28"]
[EventType "team-tourn"]
[EventRounds "11"]
[EventCountry "ESP"]
[SourceTitle "EXT 2013"]
[Source "ChessBase"]
[SourceDate "2012.11.22"]
[SourceVersion "1"]
[SourceVersionDate "2012.11.22"]
[SourceQuality "1"]
[WhiteTeam "Terrassa"]
[BlackTeam "Barbera"]
[WhiteTeamCountry "ESP"]
[BlackTeamCountry "ESP"]

1. e4 c6 2. Nc3 d5 3. Qf3 dxe4 4. Nxe4 Nd7 5. d4 Ndf6 6. Nxf6+ Nxf6 7. c3 Qd5 8. Bd3 Bg4 9. Qxd5 cxd5 10. Ne2 Bxe2 11. Kxe2 e6 12. Bg5 Nd7 13. Bf4 Be7 14. a4 0-0 15. a5 a6 16. Rhe1 Rac8 17. f3 Nb8 18. Kd2 Nc6 19. Reb1 Bf6 20. Ra4 Rfd8 21. Re1 Be7 22. g4 Bd6 23. Bg3 Bc7 24. b4 Na7 25. Rb1 Bxg3 26. hxg3 Nb5 27. Rb3 Rc6 28. g5 Rdc8 29. Bxb5 axb5 30. Ra1 f6 31. gxf6 gxf6 32. f4 R8c7 33. Re1 Rg7 34. Re3 Kf7 35. Ra3 h5 36. Ra1 f5 37. Rh1 Rh7 38. Ke2 Kg6 39. Kf2 Rhc7 40. Rhe1 Kf7 41. Kg2 Kf6 42. Kh3 Rg7 43. Ra1 Rg4 44. Ra2 Kf7 45. Rf3 Ra6 46. Ra3 Ra8 47. Rf1 h4 48. a6 Rxg3+ 49. Kh2 Rxa6 50. Rfa1 Rxc3 51. Rxc3 Rxa1 52. Rc7+ Kf6 53. Rxb7 Rf1 0-1

[Event "Mislata op 45th"]
[Site "Mislata"]
[Date "2011.08.17"]
[Round "4"]
[White "Bosque Ortega, Xavier"]
[Black "Llerins Bonet, Ricardo"]
[Result "1-0"]
[WhiteElo "2245"]
[BlackElo "2130"]
[PlyCount "67"]
[EventDate "2011.08.15"]
[EventType "swiss"]
[EventRounds "9"]
[EventCountry "ESP"]
[SourceTitle "CBM 143 Extra"]
[Source "ChessBase"]
[SourceDate "2011.08.29"]
[SourceVersion "1"]
[SourceVersionDate "2011.08.29"]
[SourceQuality "1"]

1. d4 Nf6 2. Nf3 g6 3. Bf4 Bg7 4. h3 0-0 5. e3 d5 6. Be2 c5 7. c3 Nc6 8. Nbd2 b6 9. 0-0 Bb7 10. Qb3 cxd4 11. cxd4 e6 12. Rfc1 Rc8 13. Qa4 a6 14. Ne5 Nxe5 15. Bxe5 Nd7 16. Bd6 Re8 17. Bxa6 Ra8 18. Rc7 Nb8 19. Rxb7 Nxa6 20. Qc6 Bf8 21. Bxf8 Rxf8 22. Qxb6 Qc8 23. Nb3 Qc2 24. Nc5 Nxc5 25. Qxc5 Qe2 26. a4 Rac8 27. Qb5 Qd2 28. a5 Rc1+ 29. Rxc1 Qxc1+ 30. Kh2 Qe1 31. Rb8 Qxf2 32. Rxf8+ Kxf8 33. Qb8+ Kg7 34. a6 1-0

[Event "Catalunya-chT"]
[Site "Barcelona"]
[Date "2011.02.12"]
[Round "3"]
[White "Bosque Ortega, Xavier"]
[Black "Ibanez Tarradellas, Eduardo"]
[Result "1/2-1/2"]
[WhiteElo "2261"]
[BlackElo "2273"]
[PlyCount "24"]
[EventDate "2011.01.29"]
[EventType "team-tourn"]
[EventRounds "11"]
[EventCountry "ESP"]
[SourceTitle "EXT 2012"]
[Source "ChessBase"]
[SourceDate "2011.11.24"]
[SourceVersion "1"]
[SourceVersionDate "2011.11.24"]
[SourceQuality "1"]
[WhiteTeam "Barbera"]
[BlackTeam "UGA"]
[WhiteTeamCountry "ESP"]
[BlackTeamCountry "ESP"]

1. d4 d5 2. Bf4 Nc6 3. Nf3 Bg4 4. Nbd2 e6 5. c3 Bd6 6. e3 Nge7 7. Bd3 Ng6 8. Bxd6 cxd6 9. h3 Bxf3 10. Qxf3 Qf6 11. Qh5 e5 12. Bxg6 Qxg6 1/2-1/2